| 000 | 01363nam a22003617a 4500 | ||
|---|---|---|---|
| 001 | 2959464 | ||
| 003 | OSt | ||
| 005 | 20210426125403.0 | ||
| 008 | 910327s1991 nyua 001 0 eng | ||
| 010 | _a 91013037 | ||
| 020 | _a0671413678 | ||
| 040 |
_aDLC _cDLC _dDLC _beng |
||
| 041 | _aeng | ||
| 043 | _an-us--- | ||
| 050 | 0 | 0 |
_aE881 _b.W66 1991 |
| 080 |
_a32 _bW-83 |
||
| 082 | 0 | 0 |
_a973.928/092 _220 |
| 100 | 1 |
_aWoodward, Bob, _d1943- |
|
| 245 | 1 | 4 |
_aThe commanders / _cBob Woodward. _b/ by: Simon & Schuster |
| 260 |
_aNew York : _bSimon & Schuster _cc1991. |
||
| 300 |
_a398 p. _b28 ill. _c25 cm. |
||
| 365 | _b24.95 usd | ||
| 500 | _aIncludes index. | ||
| 600 | 1 | 0 |
_aBush, George, _d1924-2018 _xMilitary leadership. |
| 650 | 0 |
_9443 _aPolitics |
|
| 651 | 0 |
_aUnited States _xForeign relations _y1989-1993 _xDecision making. |
|
| 651 | 0 |
_aUnited States _xMilitary policy _xDecision making. |
|
| 653 | _aპოლიტიკა | ||
| 653 | _aსაერთაშორისო ურთიერთობები | ||
| 906 |
_a7 _bcbc _corignew _d1 _eocip _f19 _gy-gencatlg |
||
| 942 |
_2udc _cBK |
||
| 999 |
_c1077 _d1077 |
||